| 000 | 00501cam a2200193ua 4500 | ||
|---|---|---|---|
| 001 | 12262 | ||
| 005 | 20260515114846.0 | ||
| 008 | 200819n ii |||gr||||Z||||||asm | ||
| 020 | _a9789381485828 | ||
| 040 | _cMAIN | ||
| 082 | _a303 | ||
| 100 |
_aSantanu Kaushik Baruah, _eeditor., |
||
| 245 |
_aAssam year book : _b2018 / _ced by Santanu Kaushik Baruah . |
||
| 250 | _a3rd ed. | ||
| 260 |
_aGuwahati: _bJyoti prakashan, _c2017. |
||
| 300 | _a1116p. | ||
| 653 | _aSocial processes | ||
| 942 | _cBK | ||
| 999 |
_c11006 _d11006 |
||